[Event "Parana-chT 54th"]
[Site "Parana"]
[Date "2011.11.19"]
[Round "6"]
[White "Ziarecki, Sandro Augusto"]
[Black "Morais, Herbert Patrick"]
[Result "1-0"]
[WhiteElo "2128"]
[BlackElo "1899"]
[PlyCount "68"]
[EventDate "2011.11.14"]
[EventType "team-swiss"]
[EventRounds "7"]
[EventCountry "BRA"]
[SourceTitle "EXT 2013"]
[Source "ChessBase"]
[SourceDate "2012.11.22"]
[SourceVersion "1"]
[SourceVersionDate "2012.11.22"]
[SourceQuality "1"]
[WhiteTeam "Cascavel"]
[BlackTeam "Pirao do Sul"]
[WhiteTeamCountry "BRA"]
[BlackTeamCountry "BRA"]

1. e4 d5 2. exd5 Qxd5 3. Nc3 Qa5 4. g3 Nf6 5. Nf3 Bg4 6. h3 Bh5 7. b4 Qb6 8. Bg2 e6 9. Rb1 c6 10. b5 Qc7 11. 0-0 Bd6 12. bxc6 bxc6 13. g4 Bg6 14. Nd4 a6 15. d3 0-0 16. Qf3 Nd5 17. Nce2 Nd7 18. h4 h5 19. gxh5 Ne5 20. Qh3 Bxh5 21. Bf3 Nxf3+ 22. Nxf3 c5 23. Qg2 Nf4 24. Bxf4 Bxf4 25. Ng3 Bg4 26. Nh2 Bf5 27. Rb7 Qc8 28. Rfb1 Bh7 29. Nh5 Bxh2+ 30. Kxh2 Bg6 31. Nf6+ gxf6 32. h5 Qe8 33. Rg1 Kh8 34. hxg6 fxg6 1-0

[Event "Parana-chT 54th"]
[Site "Parana"]
[Date "2011.11.14"]
[Round "1"]
[White "Morais, Herbert Patrick"]
[Black "Guimaraes, Ricardo Alves"]
[Result "1/2-1/2"]
[WhiteElo "1899"]
[BlackElo "2033"]
[PlyCount "97"]
[EventDate "2011.11.14"]
[EventType "team-swiss"]
[EventRounds "7"]
[EventCountry "BRA"]
[SourceTitle "EXT 2013"]
[Source "ChessBase"]
[SourceDate "2012.11.22"]
[SourceVersion "1"]
[SourceVersionDate "2012.11.22"]
[SourceQuality "1"]
[WhiteTeam "Pirao do Sul"]
[BlackTeam "Araucaria"]
[WhiteTeamCountry "BRA"]
[BlackTeamCountry "BRA"]

1. e4 Nf6 2. Nc3 e5 3. Bc4 Bc5 4. d3 d6 5. h3 Be6 6. Bb3 a6 7. Nge2 Nc6 8. Be3 Nd4 9. Qd2 Nxb3 10. axb3 Bb4 11. f4 Bd7 12. g4 Bc6 13. fxe5 dxe5 14. Ng3 Qd7 15. g5 Ng8 16. Qf2 0-0-0 17. 0-0-0 f6 18. h4 Rf8 19. Bc5 Bxc5 20. Qxc5 Ne7 21. Rdf1 b6 22. Qe3 f5 23. Nh5 f4 24. Qh3 Qxh3 25. Rxh3 Bd7 26. Rh2 Rf7 27. Rhf2 Ng6 28. Ng3 Nxh4 29. Rh1 Ng6 30. Nf1 Be6 31. Rfh2 Nf8 32. Nd2 g6 33. Nf3 Nd7 34. Rh4 c5 35. Nd5 Bxd5 36. exd5 Kc7 37. c4 Kd6 38. Kc2 Re7 39. Nd2 Rf7 40. Nf3 e4 41. dxe4 Ne5 42. R4h3 Nxf3 43. Rxf3 Ke5 44. Kd3 Re8 45. Rfh3 Ree7 46. Rf3 a5 47. Ra1 Re8 48. Rh1 a4 49. Rf2 1/2-1/2